| 000 | 00611nam a2200229Ia 4500 | ||
|---|---|---|---|
| 003 | OSt | ||
| 005 | 20220928110409.0 | ||
| 006 | a|||||r|||| 00| 0 | ||
| 007 | ta | ||
| 008 | 220927b |||||||| |||| 00| 0 eng d | ||
| 024 | _a75660 | ||
| 037 | _cTextual | ||
| 040 |
_aSDCL _cSDCL _beng |
||
| 041 |
_2eng _aeng |
||
| 082 | _aO-944,3NSS,1, N9 | ||
| 100 |
_aBaldwin Shauna singh _9419365 |
||
| 245 | 0 | _aWhat the body remembers . | |
| 260 |
_aN _bD Harper Collins _c1999 |
||
| 300 |
_a475p _ccm. |
||
| 942 |
_hO-944,3NSS,1, N9 _cTEXL _2CC |
||
| 999 |
_c735424 _d735424 |
||